Modul tvorby požiadaviek na rozvrh v databázovej aplikácii v prostredí WEB = Database application in WEB environment - module of creating requests for timetable : Diplomová práca
Gespeichert in:
| 1. Verfasser: | |
|---|---|
| Weitere Verfasser: | , |
| Format: | Manuskript Buch |
| Sprache: | Slowakisch |
| Veröffentlicht: |
Trnava :
STU v Bratislave MTF UIAM,
2009
|
| Schlagworte: | |
| Tags: |
Keine Tags, Fügen Sie das erste Tag hinzu!
|
MARC
| LEADER | 00000ntm a22000003a 4500 | ||
|---|---|---|---|
| 001 | stu195560 | ||
| 005 | 20160719155933.4 | ||
| 008 | 091105s2009----xo------------------slo-d | ||
| 040 | |a STU |b slo | ||
| 041 | 0 | |a slo | |
| 044 | |a xo | ||
| 100 | 1 | |a Hríbik, Lukáš |4 aut | |
| 245 | 1 | |a Modul tvorby požiadaviek na rozvrh v databázovej aplikácii v prostredí WEB = Database application in WEB environment - module of creating requests for timetable : |b Diplomová práca | |
| 260 | |a Trnava : |b STU v Bratislave MTF UIAM, |c 2009 | ||
| 300 | |a 69 s |c príl (1 CD-ROM) | ||
| 500 | |a Študijný program: automatizácia a informatizácia procesov | ||
| 500 | |a Študijný odbor: 5.2.14 automatizácia | ||
| 650 | 7 | |a web |2 stusub | |
| 650 | 7 | |a databáza |2 stusub | |
| 650 | 7 | |a rozvrh |2 stusub | |
| 700 | 1 | |a Halabrín, Marian, |d 1947- |4 xxx |u M110 |U MTF Ústav aplikovanej informatiky, automatizácie a matematiky |T MTF Katedra matematiky |X 4656 |U M110 |Y M110 |7 A000004656 | |
| 700 | 1 | |a Nemlaha, Eduard, |d 1969- |4 xxx |u M6000 |U MTF Materiálovotechnologická fakulta |T MTF Ústav aplikovanej informatiky, automatizácie a matematiky |X 2759 |U M6000 |Y 86 |7 A000002759 | |
| 996 | |b 284M071452 |c M*DP-8441 |l MMSKP |s P |a 0 |w stu195560_0001 | ||